书目信息 |
| 题名: |
植物生长调节剂在观赏植物和林木上的应用
|
|
| 作者: | 何生根 编著 ;中国植物生理学会 , 植物生长物质委员会 编写 | |
| 分册: | ||
| 出版信息: | 北京 化学工业出版社 2002 |
|
| 页数: | 142页 | |
| 开本: | 21cm | |
| 丛书名: | 植物生长调节剂应用丛书 | |
| 单 册: | ||
| 中图分类: | S365 | |
| 科图分类: | ||
| 主题词: | 施肥--田间管理 , 培土--田间管理 | |
| 电子资源: | ||
| ISBN: | 7-5025-3986-7 | |
| 000 | 01016nam 2200289 45 | |
| 001 | 0000100451 | |
| 005 | 20051115091242.45 | |
| 010 | @a7-5025-3986-7@dCNY10.00 | |
| 092 | @aCN | |
| 100 | @a20030108d2002 em y0chiy0121 ea | |
| 101 | 0 | @achi |
| 102 | @aCN@b110000 | |
| 105 | @ay z 000yy | |
| 200 | 1 | @a植物生长调节剂在观赏植物和林木上的应用@AZhi Wu Sheng Zhang Tiao Jie Ji Zai Guan Shang Zhi Wu He Lin Mu Shang De Ying Yong@f何生根等编著@FHe Sheng Gen Deng Bian Zhu@g中国植物生理学会,植物生长物质委员会编写 |
| 210 | @a北京@c化学工业出版社@d2002 | |
| 215 | @a142页@d21cm | |
| 225 | 2 | @a植物生长调节剂应用丛书 |
| 300 | @a"十五"国家重点图书 | |
| 410 | 0 | @12001 @a植物生长调节剂应用丛书 |
| 606 | 0 | @a施肥@x田间管理 |
| 606 | @a培土@x田间管理 | |
| 690 | @aS365@v4 | |
| 701 | 0 | @a何生根@4编著 |
| 702 | 0 | @a中国植物生理学会@AZhong Guo Zhi Wu Sheng Li Xue Hui@4编写 |
| 702 | 0 | @a植物生长物质委员会@AZhi Wu Sheng Zhang Wu Zhi Wei Yuan Hui@4编写 |
| 801 | 0 | @aCN@bNHL@c20051115 |
| 905 | @a10447@dS365@e12 | |
| 植物生长调节剂在观赏植物和林木上的应用/何生根等编著/中国植物生理学会,植物生长物质委员会编写.-北京:化学工业出版社,2002 |
| 142页;21cm.-(植物生长调节剂应用丛书) |
| "十五"国家重点图书 |
| ISBN 7-5025-3986-7:CNY10.00 |
| ● |
| 相关链接 |
|
|
|
|
正题名:植物生长调节剂在观赏植物和林木上的应用
索取号:S365/12
 
预约/预借
| 序号 | 登录号 | 条形码 | 馆藏地/架位号 | 状态 | 备注 |
| 1 | 0358845 | 3588451 | 第二样本阅览室/ [索取号:S365/12] | 在馆 | |
| 2 | 0367412 | 203674121 | 第三借阅区/ [索取号:S365/12] | 在馆 | |
| 3 | 0367413 | 203674130 | 第三借阅区/ [索取号:S365/12] | 在馆 | |
| 4 | 0367414 | 203674149 | 第三借阅区/ [索取号:S365/12] | 在馆 | |
| 5 | 0367415 | 203674158 | 第三借阅区/ [索取号:S365/12] | 在馆 | |
| 6 | 0367416 | 203674167 | 第三借阅区/ [索取号:S365/12] | 在馆 |